| 000 | 01099nam a22002657a 4500 | ||
|---|---|---|---|
| 001 | 9793 | ||
| 003 | FISKH | ||
| 005 | 20260225141010.0 | ||
| 008 | 260225b cb ||||| |||| 00| 0 eng d | ||
| 020 | _a0006511775 | ||
| 040 |
_aFISKH _beng _cFISKH _dFISKH |
||
| 082 | _a551.5 | ||
| 100 | _aLaw , Felicia | ||
| 245 |
_aSunshines / _cBy Felicia Law : Illustrated by Jenny Thorne |
||
| 250 | _aFirst published in Dendilions 1976 | ||
| 260 |
_aLondon : _bWilliam Collins Sons and Co Ltd , _c1976 . |
||
| 300 |
_a32 pages : _bcolor illustrations ; _c21 cm . |
||
| 505 | _aE | ||
| 520 | _aSunshine is a simple and heartwarming children’s story. The book talks about sunshine and how it makes people feel happy and warm. It shows how sunshine helps plants grow, brightens the day, and brings joy to everyone. The story uses easy words and short sentences, which makes it perfect for young readers who are learning to read on their own. | ||
| 521 | 8 |
_a200
_bLexile |
|
| 521 | 8 |
_aE
_bRaz-Plus |
|
| 700 |
_aThorne , Jenny _eIllustrator |
||
| 942 |
_2ddc _cBK _n0 |
||
| 999 |
_c9793 _d9793 |
||